000 00503nam a2200133 a 4500
008 120416s1980 ||||||||||||||||| || u
050 _aHG 3881 All
100 _aAllen, Polly Reynolds
245 1 0 _aAsset markets, exchange rates, and economic integration
246 _aa synthesis
260 _aCambridge
_bUniv. Press
_c1980
350 _a0.00
995 _D0.00
_FCBU-MAIN LIBRARY (Kitwe)
_H1
_I40.00
_M1
_UAVAILABLE
_ZMain Library Open Access Collection
999 _c35183
_d35183